You'll Never Walk Alone Lyrics Quiz - Statistics

General Stats
  • This quiz has been taken 282 times
  • The average score is 60 of 71
Answer Stats
Lyrics % Correct
you
100%
walk
99%
Walk
99%
Walk
99%
Walk
99%
walk
99%
walk
99%
walk
99%
a
98%
a
98%
a
98%
never
96%
never
96%
alone
95%
alone
95%
you'll
93%
You'll
93%
And
92%
And
92%
and
92%
And
92%
the
92%
the
92%
the
92%
the
92%
the
92%
the
92%
When
92%
on
90%
on
90%
on
90%
on
90%
your
88%
your
88%
your
88%
be
87%
be
87%
through
86%
through
86%
through
86%
in
85%
of
85%
of
85%
of
85%
storm
82%
storm
82%
don't
81%
rain
81%
up
81%
dark
80%
high
80%
afraid
79%
head
79%
with
79%
hold
77%
At
76%
hope
76%
dreams
74%
end
74%
golden
73%
sweet
73%
there's
73%
sky
71%
wind
66%
silver
64%
song
63%
lark
62%
tossed
57%
hearts
56%
blown
53%
Though
46%
No matching quizzes found
Score Distribution
Percent of People with Each Score
Percentile by Number Answered
Your Score History
You have not taken this quiz